Mangas et anime - Quiz par lettre - V - Statistiques

Statistiques générales
  • Ce quiz a été pris 282 fois
  • Le résultat moyen est 11 sur 20
Statistiques - réponses
Indice Réponse % Correct
Sport pratiqué dans Haikyuu!! ou Jeanne et Serge Volleyball
98%
Manga mettant en scène Thorfinn cherchant à se venger de l'assassin de son père Vinland Saga
95%
Prince des saiyens, grand rival de Goku dans DragonBall Vegeta
95%
Yoshitoki Ōima a écrit un manga traitant de surdité et de harcèlement: A Silent ______ Voice
82%
Wendy dans Fairy Tail ou Yuno dans Black Clover en sont des utilisateurs connus Vent
78%
Nom de famille de Sanji, dans One Piece Vinsmoke
76%
Premier navire de l'Équipage du Chapeau de Paille, dans One Piece Vogue Merry
73%
Dans Cat's Eyes, les protagonistent _____ les tableaux de leur père Volent
71%
Dans Dragon Ball, fille de Mr. Satan et future épouse de Gohan Videl
52%
Complétez ce titre: Anne... La maison aux pignons ____ Verts
47%
Complétez ce titre: _______ - My Hero Academia Illegals Vigilante
47%
C'est ce qu'est L'Atlantis dans Albator ou l'Argama dans Gundam Vaisseaux spatiaux
44%
Anime sur une femme machine à tuer pendant la guerre, travaillant ensuite comme "poupée de souvenir automatique" Violet Evergarden
43%
Manga racontant la vie de Miyamoto Musashi Vagabond
40%
Complétez ces titres: _______ Knights, _______ Hunter D Vampire
34%
Père des frères Elric, dans FullMetal Alchemist Van Hohenheim
29%
Dans Bleach, c'est un groupe de shinigami aux pouvoirs de Hollow Vizards
26%
Étoile qui donne son nom à l'empire ennemi d'Actarus, dans Goldorak Véga
20%
Famille mafieuse dont Tsuna est destiné à devenir le chef dans Reborn! Vongola
6%
Famille d'Oz, Jack ou Zai, dans Pandora Hearts Vessalius
4%
Aucun quiz correspondant
Distribution des résultats
% des personnes avec chaque résultat
Percentile par nombre de réponses
Votre historique - résultats
Vous n’avez pas pris ce quiz